000 00320pab a2200145 454500
008 180718b2003 xxu||||| |||| 00| 0 eng d
100 _aSingh, Katar
245 _aGovernance in cooperative banks
260 _c2003
300 _ap.4-9.
362 _aNov
650 _aBanks
773 _aKurukshetra
909 _a58615
999 _c58615
_d58615